| 000 | 00411 a2200133 4500 | ||
|---|---|---|---|
| 245 |
_aPolitical participation in Zimbabwe _hprint |
||
| 020 | _a9780797441484 | ||
| 650 | _aPOLITICS | ||
| 005 | 20191021095003.0 | ||
| 260 |
_arh _bAfrican Forum for Catholic Social Teaching _c2010 |
||
| 084 | _aJS7643.7.A15 P66 2010 | ||
| 300 |
_axii, 292 p. _b 21 cm. _cxii, 292 p. ; 21 cm. |
||
| 500 | _aedited by David Kaulemu. | ||
| 999 |
_c11676 _d11676 |
||